Gazdasági munkánk célja a dolgozó ember szolgálata : Németh Károly mondott beszédet a megyei gazdaságpolitikai aktíván
Elmentve itt :
| Dokumentumtípus: | Cikk |
|---|---|
| Megjelent: |
1976-05-29
|
| Sorozat: | Délmagyarország
66 No. 126 |
| Kulcsszavak: | Németh Károly |
| Online Access: | http://dmarchiv.bibl.u-szeged.hu/97918 |
| LEADER | 00507nab a2200145 i 4500 | ||
|---|---|---|---|
| 001 | delm97918 | ||
| 005 | 20190506101458.0 | ||
| 008 | 190506s1976 hu o 0|| hun d | ||
| 040 | |a SZTE Délmagyarország Archívum |b hun | ||
| 041 | |a hun | ||
| 245 | 0 | 0 | |a Gazdasági munkánk célja |h [elektronikus dokumentum] : |b a dolgozó ember szolgálata : Németh Károly mondott beszédet a megyei gazdaságpolitikai aktíván |
| 260 | |c 1976-05-29 | ||
| 300 | |a 1, 3 | ||
| 490 | 0 | |a Délmagyarország |v 66 No. 126 | |
| 695 | |a Németh Károly | ||